[Event "XVI Festival A"]
[Site "Porto San Giorgio ITA"]
[Date "2004.08.27"]
[Round "7"]
[White "Roeder, Matthias"]
[Black "Sabia, Corrado"]
[Result "1/2-1/2"]
[WhiteElo "2431"]
[BlackElo "2150"]
[PlyCount "136"]
[EventDate "2004.08.21"]

1. Nf3 d5 2. c4 c6 3. e3 Nf6 4. Qc2 g6 5. b3 Bg7 6. Bb2 O-O 7. Be2 Nbd7 8. O-O
Re8 9. d4 b6 10. Rd1 Bb7 11. Nc3 Rc8 12. Rac1 Qc7 13. Qb1 Qb8 14. a4 a6 15. Ne5
Red8 16. Nd3 Qa8 17. Bf3 c5 18. Nxd5 Nxd5 19. cxd5 Bxd5 20. Bxd5 Qxd5 21. dxc5
Qxb3 22. c6 Nc5 23. Nxc5 Rxd1+ 24. Rxd1 Qxb2 25. Nxa6 Qxb1 26. Rxb1 Rxc6 27.
Nb4 Rd6 28. Kf1 Bc3 29. Rb3 Bxb4 30. Rxb4 Kg7 31. Ke2 Kf6 32. f4 h5 33. e4 Ke6
34. Ke3 Rc6 35. Kd3 Kd6 36. h4 e6 37. Kd4 Kd7 38. Rb5 Kc7 39. f5 exf5 40. exf5
Rf6 41. Ke4 Rc6 42. fxg6 fxg6 43. Rb4 Rc5 44. g4 hxg4 45. Kf4 Rf5+ 46. Kxg4 Ra5
47. Kf3 Kb7 48. Rg4 Rf5+ 49. Kg3 Ra5 50. Rxg6 Rxa4 51. h5 Ra1 52. Kh4 Rh1+ 53.
Kg5 b5 54. Re6 Rg1+ 55. Kf6 Rh1 56. Kg6 Rg1+ 57. Kf7 Rf1+ 58. Kg7 Rg1+ 59. Kh8
b4 60. h6 Kc7 61. Re7+ Kc6 62. Rg7 Rh1 63. h7 b3 64. Rg2 Kc5 65. Kg7 Kc4 66.
h8=Q Rxh8 67. Kxh8 Kc3 68. Kh7 b2 1/2-1/2

[Event "XVI Festival A"]
[Site "Porto San Giorgio ITA"]
[Date "2004.08.27"]
[Round "7"]
[White "Ruggeri, Pietro"]
[Black "Rigo, Janos"]
[Result "0-1"]
[WhiteElo "2133"]
[BlackElo "2314"]
[PlyCount "62"]
[EventDate "2004.08.21"]

1. d4 f5 2. Nf3 g6 3. Nc3 Nf6 4. Bg5 Bg7 5. Bxf6 exf6 6. e3 d5 7. Bd3 c6 8. O-O
Be6 9. Ne2 Nd7 10. Nf4 Bf7 11. Nd2 b5 12. a4 a6 13. b3 b4 14. Qe2 Qa5 15. Rfb1
O-O 16. c4 bxc3 17. b4 Qc7 18. Nb3 Rfb8 19. Bxa6 Rxb4 20. Nc5 Nxc5 21. dxc5
Rxb1+ 22. Rxb1 Qa5 23. Bb7 Rb8 24. Qc2 Qxc5 25. Nd3 Qa3 26. Bxc6 Rxb1+ 27. Qxb1
Bf8 28. f4 d4 29. exd4 Bb3 30. Qc1 c2 31. Qe3 Bc4 0-1

[Event "XVI Festival A"]
[Site "Porto San Giorgio ITA"]
[Date "2004.08.27"]
[Round "7"]
[White "Saccona, Silvano"]
[Black "Facchetti, Gianni"]
[Result "0-1"]
[WhiteElo "2098"]
[BlackElo "2190"]
[PlyCount "153"]
[EventDate "2004.08.21"]

1. e4 e5 2. Nf3 Nc6 3. Bb5 Bc5 4. O-O Nd4 5. Bc4 Nxf3+ 6. Qxf3 Qf6 7. Qxf6 Nxf6
8. d3 h6 9. Nc3 c6 10. Be3 Bxe3 11. fxe3 d6 12. a4 a5 13. h3 Ke7 14. Rab1 Rd8
15. Rbe1 Bd7 16. Rb1 Rdb8 17. Ba2 Be8 18. Kf2 Nd7 19. g4 Nc5 20. Ke2 f6 21. Rf2
Bd7 22. Rg1 Rh8 23. h4 g5 24. h5 Na6 25. Kd2 Rhf8 26. Bb3 Rad8 27. d4 Nc7 28.
Ne2 Bc8 29. c3 Na8 30. Bd1 Nb6 31. b3 Be6 32. Ng3 d5 33. exd5 cxd5 34. Nf5+
Bxf5 35. Rxf5 e4 36. c4 dxc4 37. Rxa5 cxb3 38. Bxb3 Rd7 39. Rb1 Nc8 40. Ra8 Nd6
41. Rxf8 Kxf8 42. Bd5 Ke7 43. a5 Rc7 44. Rb6 Rd7 45. Rb1 Kf8 46. Rc1 Ke7 47.
Rc5 Kd8 48. Kc3 Rc7 49. Kb4 f5 50. Be6 f4 51. exf4 gxf4 52. g5 hxg5 53. Rxc7
Kxc7 54. h6 f3 55. Bh3 Nf7 56. h7 Kd6 57. Kc4 Nh8 58. d5 e3 59. Kd3 e2 60. Kd2
Kxd5 61. Bg4 Ke4 62. Bc8 Kf4 63. Bxb7 g4 64. a6 g3 65. a7 g2 66. a8=Q e1=Q+ 67.
Kxe1 g1=Q+ 68. Kd2 Qh2+ 69. Kc3 Qxh7 70. Bxf3 Qc7+ 71. Bc6 Ng6 72. Qa4+ Kf5 73.
Qe4+ Kf6 74. Qf3+ Ke7 75. Qe4+ Ne5 76. Qh7+ Nf7 77. Qe4+ $138 0-1

[Event "XVI Festival A"]
[Site "Porto San Giorgio ITA"]
[Date "2004.08.27"]
[Round "7"]
[White "Satta, Vladimiro"]
[Black "Paci, Daniele"]
[Result "1/2-1/2"]
[WhiteElo "2257"]
[BlackElo "1880"]
[PlyCount "63"]
[EventDate "2004.08.21"]

1. e4 g6 2. d4 Bg7 3. c3 c6 4. Nf3 d5 5. Nbd2 Bg4 6. exd5 Bxf3 7. Nxf3 Qxd5 8.
Qb3 Qxb3 9. axb3 Nd7 10. Bf4 Ngf6 11. Bd3 O-O 12. O-O c5 13. dxc5 Nd5 14. Bg5
Nxc5 15. Bc4 Nf6 16. Rfe1 e6 17. b4 Ncd7 18. Be3 a6 19. b5 a5 20. Nd4 Nb6 21.
Be2 Nfd5 22. Bg5 h6 23. Bc1 Rfc8 24. Bf3 a4 25. Rd1 Ra5 26. Nc2 Rxb5 27. Ne3
Ra5 28. Nxd5 Nxd5 29. Bd2 Rb5 30. Bc1 Ra5 31. Bd2 Rb5 32. Bc1 1/2-1/2

[Event "XVI Festival A"]
[Site "Porto San Giorgio ITA"]
[Date "2004.08.27"]
[Round "7"]
[White "Schaefer, Michael"]
[Black "Rinaudo, Sergio"]
[Result "1-0"]
[WhiteElo "2180"]
[BlackElo "2097"]
[PlyCount "99"]
[EventDate "2004.08.21"]

1. Nf3 d5 2. c4 e6 3. g3 Nf6 4. Bg2 Be7 5. O-O O-O 6. d4 Nbd7 7. Qc2 c6 8. Rd1
Re8 9. b3 Qa5 10. Nbd2 Bd6 11. Bb2 h6 12. a3 Qd8 13. e4 dxe4 14. Nxe4 Nxe4 15.
Qxe4 Nf6 16. Qe2 Qe7 17. Qe3 Bd7 18. Ne5 Rad8 19. b4 Qf8 20. Rd3 Bc8 21. Rad1
Bc7 22. Qf3 Nd7 23. Bf1 Nxe5 24. dxe5 Rxd3 25. Bxd3 Rd8 26. Qe4 g6 27. h4 h5
28. Kh1 a5 29. Bc3 axb4 30. axb4 Qe7 31. Bd2 Rd7 32. c5 Rd5 33. Bc3 b6 34. Ra1
bxc5 35. Ra8 Rd8 36. Bd2 Qd7 37. Bg5 Re8 38. Bf6 cxb4 39. Qe3 Kh7 40. g4 hxg4
41. h5 Qd5+ 42. Be4 Bb6 43. Qf4 Qd1+ 44. Kg2 Qe2 45. hxg6+ Kg8 46. gxf7+ Kxf7
47. Bd8+ Kg8 48. Qg5+ Kf8 49. Qh6+ Kg8 50. Bh7+ 1-0

[Event "XVI Festival A"]
[Site "Porto San Giorgio ITA"]
[Date "2004.08.27"]
[Round "7"]
[White "Simonini, Roberto"]
[Black "Melotti, Dario"]
[Result "0-1"]
[WhiteElo "1850"]
[BlackElo "2082"]
[PlyCount "56"]
[EventDate "2004.08.21"]

1. e4 c5 2. Nc3 a6 3. a4 b6 4. g3 Bb7 5. Bg2 g6 6. Nge2 Bg7 7. d3 e6 8. O-O Ne7
9. f4 d5 10. exd5 exd5 11. g4 f5 12. Ng3 O-O 13. h3 Ra7 14. Nce2 d4 15. Bxb7
Rxb7 16. g5 Nd5 17. Rf3 Nc6 18. h4 Re8 19. Bd2 Rbe7 20. c4 Ne3 21. Qb1 Qa8 22.
Rf2 Qb7 23. b3 Rb8 24. Nc1 b5 25. axb5 axb5 26. Qa2 bxc4 27. bxc4 Qc8 28. Nb3
Ra7 0-1

[Event "XVI Festival A"]
[Site "Porto San Giorgio ITA"]
[Date "2004.08.27"]
[Round "7"]
[White "Tommaselli, Giacomo"]
[Black "Calandri, Fausto"]
[Result "1/2-1/2"]
[WhiteElo "2018"]
[BlackElo "2113"]
[PlyCount "45"]
[EventDate "2004.08.21"]

1. d4 e6 2. Nf3 Nf6 3. Bg5 b6 4. Nbd2 Bb7 5. e3 c5 6. Bd3 Be7 7. c3 Nc6 8. Qe2
O-O 9. dxc5 bxc5 10. e4 d6 11. e5 Nxe5 12. Nxe5 dxe5 13. Bxf6 Bxf6 14. O-O-O
Qc7 15. h4 Rfd8 16. Rh3 Rd7 17. Rg3 Rad8 18. Re1 Be7 19. Nc4 Bf6 20. Nd2 Kh8
21. Ne4 Be7 22. Ng5 Bxg5+ 23. hxg5 1/2-1/2

[Event "XVI Festival A"]
[Site "Porto San Giorgio ITA"]
[Date "2004.08.27"]
[Round "7"]
[White "Trent, Lawrence"]
[Black "Bokros, Albert"]
[Result "0-1"]
[WhiteElo "2400"]
[BlackElo "2470"]
[PlyCount "104"]
[EventDate "2004.08.21"]

1. d4 d5 2. c4 dxc4 3. e4 Nf6 4. e5 Nd5 5. Bxc4 Nb6 6. Bb3 Nc6 7. Ne2 Bf5 8. e6
Bxe6 9. Bxe6 fxe6 10. Nbc3 Qd7 11. O-O O-O-O 12. Bf4 g6 13. Rc1 Bg7 14. Nb5 e5
15. dxe5 Qxd1 16. Rfxd1 Rxd1+ 17. Rxd1 a6 18. Nbc3 Rd8 19. Rxd8+ Kxd8 20. e6
Nd4 21. Nxd4 Bxd4 22. Bd2 Nc4 23. Bc1 Bxc3 24. bxc3 Nd6 25. f3 Nb5 26. Bd2 c6
27. Kf2 Nc7 28. Ke3 Nxe6 29. Ke4 Kd7 30. Be3 Kd6 31. g4 b5 32. h4 a5 33. Bf2
Nc5+ 34. Ke3 Kd5 35. Be1 e5 36. h5 Ne6 37. hxg6 hxg6 38. c4+ Kxc4 39. Bxa5 Kd5
40. Bd2 c5 41. Kd3 Nd4 42. Ke3 Ne6 43. Kd3 Nf4+ 44. Kc2 Kc4 45. Bc3 Kd5 46. Bd2
b4 47. Be3 Kc4 48. Bd2 Ne2 49. Kb2 Kd3 50. Bh6 c4 51. a4 bxa3+ 52. Kxa3 c3 0-1

[Event "XVI Festival A"]
[Site "Porto San Giorgio ITA"]
[Date "2004.08.27"]
[Round "7"]
[White "Ventura, Sergio"]
[Black "Hoelzl, Franz"]
[Result "0-1"]
[WhiteElo "2175"]
[BlackElo "2373"]
[PlyCount "64"]
[EventDate "2004.08.21"]

1. c4 e6 2. Nc3 Nf6 3. Nf3 d5 4. d4 dxc4 5. e4 Bb4 6. Qc2 b5 7. Bd2 a6 8. a4
Bxc3 9. Bxc3 Bb7 10. axb5 Bxe4 11. Qc1 axb5 12. Rxa8 Bxa8 13. Qg5 Bxf3 14. gxf3
Nd5 15. Qxg7 Rf8 16. Rg1 Nd7 17. Qxh7 N7f6 18. Qh6 Nxc3 19. bxc3 Nd5 20. Qd2
Qa8 21. Qb2 Qa5 22. Kd2 Ke7 23. Be2 Ra8 24. Rc1 c6 25. Qb1 Qc7 26. h3 Qf4+ 27.
Ke1 Rg8 28. Qb2 Rg1+ 29. Bf1 Qxf3 30. Qa3+ b4 31. Qa7+ Kf6 32. cxb4 Qd3 0-1

[Event "XVI Festival A"]
[Site "Porto San Giorgio ITA"]
[Date "2004.08.28"]
[Round "8"]
[White "Affinito, Pancrazio"]
[Black "Bontempi, Piero"]
[Result "0-1"]
[WhiteElo "2115"]
[BlackElo "2325"]
[PlyCount "116"]
[EventDate "2004.08.21"]

1. d4 d5 2. c4 Bf5 3. cxd5 Bxb1 4. Qa4+ c6 5. Rxb1 Qxd5 6. e3 Nd7 7. Nf3 Nb6 8.
Qb3 Qxb3 9. axb3 e6 10. Bd3 Nf6 11. O-O Be7 12. Bd2 O-O 13. Rfc1 Nfd7 14. Ra1
a6 15. e4 Nf6 16. Kf1 Nbd7 17. h3 Rfd8 18. Ke2 Re8 19. Be3 Bd8 20. Kf1 Bb6 21.
Rc3 Rac8 22. Ra4 Rcd8 23. Ke2 h6 24. g3 Re7 25. Bc2 Ne8 26. Kf1 Nc7 27. Kg2 Nf6
28. Ra1 Nb5 29. Rc4 a5 30. Kf1 Nd6 31. Rc3 Nfxe4 32. Bxe4 Nxe4 33. Rc2 Red7 34.
Nd2 Nxd2+ 35. Bxd2 Rxd4 36. Be3 Rb4 37. Bxb6 Rxb6 38. Rxa5 Rxb3 39. Ke2 f6 40.
Ra4 e5 41. h4 Kf7 42. Rac4 Rd4 43. R4c3 Rdb4 44. Rxb3 Rxb3 45. Kd2 f5 46. Kc1
Kf6 47. Rd2 Rf3 48. Rd7 Rxf2 49. Rxb7 Rf3 50. Rb6 Rxg3 51. Rxc6+ Ke7 52. b4 Rg4
53. b5 Rxh4 54. b6 Rb4 55. Rg6 Kf7 56. Rc6 f4 57. Rc7+ Kf6 58. b7 h5 0-1

[Event "XVI Festival A"]
[Site "Porto San Giorgio ITA"]
[Date "2004.08.28"]
[Round "8"]
[White "Aleksic, Nenad"]
[Black "Horvath, Peter"]
[Result "1-0"]
[WhiteElo "2395"]
[BlackElo "2503"]
[PlyCount "91"]
[EventDate "2004.08.21"]

1. e4 c5 2. Nf3 Nc6 3. d4 cxd4 4. Nxd4 Nf6 5. Nc3 e5 6. Ndb5 d6 7. Bg5 a6 8.
Na3 b5 9. Bxf6 gxf6 10. Nd5 Bg7 11. g3 f5 12. Bg2 fxe4 13. Bxe4 Be6 14. Qh5 Rc8
15. c3 Ne7 16. Rd1 Nxd5 17. Bxd5 O-O 18. O-O Rc5 19. Bxe6 fxe6 20. Qg4 Qe7 21.
Nc2 d5 22. Rd2 Rc4 23. Qd1 Qg5 24. Ne3 Rcf4 25. Ng2 R4f7 26. a3 e4 27. Qe2 Rf3
28. Nh4 R3f6 29. Rdd1 R6f7 30. Kh1 Qe7 31. f3 exf3 32. Rxf3 Rxf3 33. Nxf3 Qf6
34. Kg2 a5 35. Rd4 Qg6 36. Rd1 b4 37. axb4 axb4 38. cxb4 Qf6 39. b3 Qe7 40. b5
Qd6 41. Ng5 Be5 42. Qg4 Kh8 43. Qxe6 Qxe6 44. Nxe6 Rf6 45. Nd8 d4 46. Rf1 1-0

[Event "XVI Festival A"]
[Site "Porto San Giorgio ITA"]
[Date "2004.08.28"]
[Round "8"]
[White "Bastarelli, Giuseppe"]
[Black "Cioara, Andrei Nestor"]
[Result "0-1"]
[WhiteElo "1999"]
[BlackElo "2373"]
[PlyCount "77"]
[EventDate "2004.08.21"]

1. d4 e6 2. Nf3 c5 3. c4 Nf6 4. Nc3 cxd4 5. Nxd4 Nc6 6. e3 d5 7. cxd5 exd5 8.
Be2 Bd6 9. O-O O-O 10. b3 a6 11. Bb2 Re8 12. Rc1 Bc7 13. Nxc6 bxc6 14. Ba3 Bd7
15. Bf3 Re5 16. Re1 Qe8 17. Bc5 Ne4 18. Bxe4 dxe4 19. Bd6 Bg4 20. Qd4 Bxd6 21.
Qxd6 Rd8 22. Qc7 Rd2 23. h3 Bh5 24. g4 Bg6 25. Red1 Rd3 26. Ne2 h5 27. Nf4 hxg4
28. Nxd3 exd3 29. hxg4 Be4 30. Rc4 f6 31. Kh2 Qg6 32. Kg3 f5 33. f3 Re8 34. Qf4
Bd5 35. Rd4 fxg4 36. Qxg4 Qh6 37. e4 Re6 38. R1xd3 Bxe4 39. Rxe4 0-1

[Event "XVI Festival A"]
[Site "Porto San Giorgio ITA"]
[Date "2004.08.28"]
[Round "8"]
[White "Bokros, Albert"]
[Black "Naumkin, Igor"]
[Result "1/2-1/2"]
[WhiteElo "2470"]
[BlackElo "2457"]
[PlyCount "21"]
[EventDate "2004.08.21"]

1. e4 e6 2. d3 d5 3. Qe2 Be7 4. Nf3 Nf6 5. g3 O-O 6. Bg2 c5 7. O-O Nc6 8. e5
Ne8 9. c4 Nc7 10. Rd1 b5 11. b3 1/2-1/2

[Event "XVI Festival A"]
[Site "Porto San Giorgio ITA"]
[Date "2004.08.28"]
[Round "8"]
[White "Bruno, Fabio"]
[Black "Kohlweyer, Bernd"]
[Result "1/2-1/2"]
[WhiteElo "2341"]
[BlackElo "2411"]
[PlyCount "28"]
[EventDate "2004.08.21"]

1. d4 Nf6 2. Nf3 g6 3. e3 Bg7 4. Be2 O-O 5. O-O c5 6. Nbd2 cxd4 7. exd4 Nc6 8.
Re1 d5 9. Bf1 Bf5 10. c3 Re8 11. Qb3 Qc7 12. h3 Red8 13. Ne5 Nxe5 14. Rxe5 Be6
1/2-1/2

[Event "XVI Festival A"]
[Site "Porto San Giorgio ITA"]
[Date "2004.08.28"]
[Round "8"]
[White "Bukal, Vladimir jr"]
[Black "Jones, Gawain C.B."]
[Result "1/2-1/2"]
[WhiteElo "2390"]
[BlackElo "2453"]
[PlyCount "89"]
[EventDate "2004.08.21"]

1. d4 Nf6 2. c4 c5 3. d5 b5 4. cxb5 a6 5. b6 Qxb6 6. Nc3 d6 7. e4 g6 8. Nf3 Bg7
9. Nd2 O-O 10. Be2 Nbd7 11. Nc4 Qc7 12. Bf4 Ne8 13. O-O Rb8 14. Qd2 a5 15. Rac1
Ba6 16. Ne3 Qb7 17. Rfe1 Nc7 18. Bxa6 Qxa6 19. Ng4 h5 20. Ne3 a4 21. Ncd1 Ne5
22. Bxe5 Bxe5 23. Nc4 Bg7 24. Nde3 Rb4 25. Qc2 Rfb8 26. Nd1 e6 27. dxe6 Nxe6
28. h4 Bf6 29. g3 Nd4 30. Qd3 Bg7 31. Kg2 f5 32. Nde3 fxe4 33. Qxe4 Kh7 34. g4
d5 35. Qxd5 Qb7 36. Qxb7 R4xb7 37. gxh5 gxh5 38. Nd5 Nf5 39. Re4 Rd8 40. Nf4
Rd4 41. Rxd4 Bxd4 42. Nxh5 Nxh4+ 43. Kg3 Nf5+ 44. Kg4 Nh6+ 45. Kg3 1/2-1/2

[Event "XVI Festival A"]
[Site "Porto San Giorgio ITA"]
[Date "2004.08.28"]
[Round "8"]
[White "Cerquitella, Luca"]
[Black "Ortega, Lexy"]
[Result "0-1"]
[WhiteElo "2173"]
[BlackElo "2430"]
[PlyCount "96"]
[EventDate "2004.08.21"]

1. e4 c5 2. Nf3 e6 3. d4 cxd4 4. Nxd4 a6 5. Bd3 Bc5 6. Nb3 Ba7 7. Qe2 Nc6 8.
Be3 d6 9. O-O Nf6 10. Nc3 O-O 11. Kh1 Re8 12. f4 Bxe3 13. Qxe3 e5 14. f5 b5 15.
Rad1 Bb7 16. Nd5 Nd4 17. Nxf6+ Qxf6 18. Na5 Rab8 19. Nxb7 Rxb7 20. c3 Nc6 21.
Bc2 Na5 22. Bb3 Rc8 23. Bd5 Nc4 24. Qe2 Rbc7 25. Rd3 Nb6 26. Rfd1 Kf8 27. Qe3
Nxd5 28. Rxd5 Rc6 29. Qa7 Qe7 30. Qf2 Qf6 31. Qa7 Qh4 32. Qb7 Qe7 33. Qxe7+
Kxe7 34. Kg1 g6 35. g4 gxf5 36. gxf5 Rg8+ 37. Kf2 Rg4 38. Re1 Rc4 39. Red1 Rf4+
40. Kg3 Rc6 41. Re1 Rc4 42. Red1 Rcxe4 43. Rxd6 Re3+ 44. Kg2 Re2+ 45. Kg3 Rxf5
46. Rxa6 e4 47. Ra7+ Kf6 48. h3 Kg5 0-1

[Event "XVI Festival A"]
[Site "Porto San Giorgio ITA"]
[Date "2004.08.28"]
[Round "8"]
[White "Chiaretti, Roberto"]
[Black "Andreolini, Mauro"]
[Result "1-0"]
[WhiteElo "2207"]
[BlackElo "1898"]
[PlyCount "67"]
[EventDate "2004.08.21"]

1. d4 Nf6 2. Nf3 b6 3. e3 Bb7 4. Bd3 e6 5. O-O Be7 6. c4 c5 7. Nc3 d6 8. d5
exd5 9. cxd5 Nbd7 10. e4 a6 11. a4 Qc7 12. h3 O-O 13. Bf4 Rfe8 14. Re1 Bf8 15.
Bh2 g6 16. Nd2 Ne5 17. Bf1 g5 18. Bxe5 Rxe5 19. Nf3 Nd7 20. Nxe5 Nxe5 21. Qh5
Qe7 22. Nd1 f5 23. exf5 Bxd5 24. Ne3 Bf7 25. Qd1 Qb7 26. Ng4 Nxg4 27. Qxg4 Be7
28. Ra3 Bf6 29. Rae3 d5 30. Bd3 Rd8 31. Re6 Kg7 32. h4 h5 33. Qg3 g4 34. Rxf6
1-0

[Event "XVI Festival A"]
[Site "Porto San Giorgio ITA"]
[Date "2004.08.28"]
[Round "8"]
[White "Del Dotto, Riccardo"]
[Black "Fioravanti, Diego"]
[Result "1/2-1/2"]
[WhiteElo "2127"]
[BlackElo "1997"]
[PlyCount "75"]
[EventDate "2004.08.21"]

1. e4 d6 2. d4 Nf6 3. Nc3 g6 4. g3 Bg7 5. Bg2 O-O 6. Nge2 e5 7. h3 Nc6 8. Be3
Ne7 9. O-O c6 10. Qd2 d5 11. dxe5 Nxe4 12. Nxe4 dxe4 13. Qd4 Qxd4 14. Bxd4 Nf5
15. Bc3 Re8 16. Bxe4 Bxe5 17. Bxe5 Rxe5 18. Bd3 Ng7 19. Kg2 Bf5 20. Bxf5 Nxf5
21. Rfe1 Rae8 22. Kf1 Nd6 23. Rad1 Nc4 24. b3 Na3 25. Rd2 Nb5 26. Red1 Kg7 27.
c4 Rxe2 28. Rxe2 Rxe2 29. Kxe2 Nc3+ 30. Kd2 Nxd1 31. Kxd1 Kf6 32. Ke2 Ke5 33.
Ke3 f5 34. f4+ Kd6 35. Kd4 c5+ 36. Kc3 Kc6 37. Kd3 a5 38. a4 1/2-1/2

[Event "XVI Festival A"]
[Site "Porto San Giorgio ITA"]
[Date "2004.08.28"]
[Round "8"]
[White "Di Martino, Antonio"]
[Black "Saccona, Silvano"]
[Result "0-1"]
[WhiteElo "2003"]
[BlackElo "2098"]
[PlyCount "96"]
[EventDate "2004.08.21"]

1. e4 c6 2. d4 d5 3. Nc3 dxe4 4. Nxe4 Nf6 5. Nxf6+ exf6 6. Be3 Bd6 7. Bd3 O-O
8. Ne2 Re8 9. Qd2 a5 10. O-O Qc7 11. Bf4 Nd7 12. Rae1 Nf8 13. c3 Be6 14. a3
Red8 15. Bxd6 Qxd6 16. Qf4 Qd5 17. Ng3 Qb3 18. Qc1 c5 19. Bc2 Qb6 20. dxc5 Qxc5
21. Rd1 Rdc8 22. Ne4 Qc7 23. Rd4 Rcb8 24. Rfd1 b5 25. Nd6 Ra6 26. Bd3 Rab6 27.
Qd2 Bb3 28. Bc2 Bxc2 29. Qxc2 b4 30. axb4 axb4 31. c4 Ne6 32. R4d2 b3 33. Qc3
Ra8 34. Nb5 Qf4 35. Qxb3 g6 36. Qe3 Qb8 37. g3 Rc6 38. b3 Kg7 39. Qf3 Rca6 40.
Rd7 Ra1 41. Rxa1 Rxa1+ 42. Kg2 Ng5 43. Qd5 Qe8 44. g4 Qe1 45. Kg3 Qe2 46. Qg2
Rg1 47. Nd4 Rxg2+ 48. Kxg2 Qe4+ 0-1

[Event "XVI Festival A"]
[Site "Porto San Giorgio ITA"]
[Date "2004.08.28"]
[Round "8"]
[White "Efimov, Igor"]
[Black "Voiska, Margarita"]
[Result "1-0"]
[WhiteElo "2491"]
[BlackElo "2387"]
[PlyCount "59"]
[EventDate "2004.08.21"]

1. Nf3 Nf6 2. c4 e6 3. Nc3 c5 4. g3 Nc6 5. Bg2 a6 6. O-O Nd4 7. Ng5 Be7 8. Nh3
Nc6 9. Nf4 Rb8 10. e3 b5 11. b3 Qa5 12. Nfe2 O-O 13. d3 Bb7 14. e4 b4 15. Na4
d5 16. cxd5 exd5 17. exd5 Ne5 18. Bb2 Bd6 19. Nxc5 Bxd5 20. Ne4 Bxe4 21. dxe4
Rfd8 22. Nf4 Be7 23. Qe2 Re8 24. Rfd1 Bc5 25. h3 Rbd8 26. Rxd8 Qxd8 27. Rc1
Ned7 28. e5 Qb6 29. Qc2 g5 30. Nd3 1-0

[Event "XVI Festival A"]
[Site "Porto San Giorgio ITA"]
[Date "2004.08.28"]
[Round "8"]
[White "Facchetti, Gianni"]
[Black "Roeder, Matthias"]
[Result "0-1"]
[WhiteElo "2190"]
[BlackElo "2431"]
[PlyCount "110"]
[EventDate "2004.08.21"]

1. e4 c5 2. Nf3 d6 3. d4 cxd4 4. Qxd4 Nf6 5. Bb5+ Bd7 6. Bxd7+ Qxd7 7. O-O Nc6
8. Qa4 g6 9. c3 Bg7 10. Bg5 h6 11. Bxf6 Bxf6 12. Nbd2 O-O 13. Qb5 Ne5 14. Qe2
Nxf3+ 15. Nxf3 Rfc8 16. Rfd1 Bg7 17. Rd5 Qc6 18. Rad1 Qc4 19. Qxc4 Rxc4 20. e5
dxe5 21. Nxe5 Re4 22. Nf3 Re2 23. R1d2 Rxd2 24. Nxd2 Kf8 25. Kf1 Ke8 26. Ke2 e6
27. Rd3 Ke7 28. c4 b6 29. b3 f5 30. f4 g5 31. g3 g4 32. Nf1 h5 33. Ne3 Bf6 34.
Nc2 Rc8 35. Nd4 a6 36. Nc2 b5 37. Ne3 h4 38. cxb5 axb5 39. a4 bxa4 40. bxa4 Bc3
41. Rd1 Ra8 42. Rc1 Bd4 43. Rc4 Bb6 44. Kd3 h3 45. Ke2 Kd6 46. Kd3 Bc5 47. Ke2
Rb8 48. Rc2 Rb3 49. Rd2+ Kc6 50. Rd3 Rb2+ 51. Rd2 Rb4 52. a5 Re4 53. Rd3 e5 54.
Kd2 exf4 55. Nxf5 f3 0-1

[Event "XVI Festival A"]
[Site "Porto San Giorgio ITA"]
[Date "2004.08.28"]
[Round "8"]
[White "Farago, Ivan"]
[Black "Collutiis, Duilio"]
[Result "1-0"]
[WhiteElo "2472"]
[BlackElo "2387"]
[PlyCount "43"]
[EventDate "2004.08.21"]

1. d4 Nf6 2. c4 c5 3. d5 b5 4. cxb5 a6 5. e3 Bb7 6. Nc3 Qa5 7. bxa6 Bxd5 8. Bd2
Bc6 9. Nf3 d6 10. Bc4 Nxa6 11. O-O Qc7 12. e4 Nb8 13. Re1 Nbd7 14. Bf4 Ne5 15.
Bxe5 dxe5 16. Qb3 e6 17. Bxe6 fxe6 18. Qxe6+ Be7 19. Nxe5 Bd7 20. Qf7+ Kd8 21.
Nxd7 Kxd7 22. e5 1-0

[Event "XVI Festival A"]
[Site "Porto San Giorgio ITA"]
[Date "2004.08.28"]
[Round "8"]
[White "Friedrich, Norbert"]
[Black "Buiano, Fabio"]
[Result "1-0"]
[WhiteElo "2319"]
[BlackElo "2094"]
[PlyCount "63"]
[EventDate "2004.08.21"]

1. e4 d6 2. d4 Nf6 3. Nc3 c6 4. f4 Qa5 5. Bd3 e5 6. Nf3 Bg4 7. Be3 Nbd7 8. O-O
Be7 9. h3 Bxf3 10. Qxf3 Qc7 11. Ne2 c5 12. c3 O-O 13. Ng3 Rfd8 14. Rad1 Rab8
15. Nf5 Bf8 16. Qg3 Kh8 17. fxe5 dxe5 18. dxe5 Nh5 19. Qh4 g6 20. Bg5 Re8 21.
Bb5 Nxe5 22. Bxe8 Rxe8 23. Ng3 Nxg3 24. Qxg3 Qb6 25. Rd8 c4+ 26. Kh1 Rxd8 27.
Qxe5+ Bg7 28. Bxd8 Qxd8 29. Qd5 Qxd5 30. exd5 Kg8 31. Re1 Kf8 32. a4 1-0

[Event "XVI Festival A"]
[Site "Porto San Giorgio ITA"]
[Date "2004.08.28"]
[Round "8"]
[White "Frugoli, Francesco"]
[Black "Bracaglia, Carlo"]
[Result "1/2-1/2"]
[WhiteElo "2034"]
[BlackElo "2166"]
[PlyCount "148"]
[EventDate "2004.08.21"]

1. e4 c6 2. d4 d5 3. e5 Bf5 4. g4 Bg6 5. h4 h5 6. e6 Qd6 7. exf7+ Bxf7 8. Nf3
Nd7 9. Ng5 Bg6 10. gxh5 Bxh5 11. Be2 Ngf6 12. Nc3 e5 13. Be3 Qb4 14. Bxh5+ Rxh5
15. Qd2 O-O-O 16. O-O-O Nb6 17. Ne2 Qxd2+ 18. Bxd2 Ng4 19. Rdf1 Re8 20. dxe5
Nxe5 21. Nf4 Rh6 22. Re1 Bd6 23. Nf7 Rf6 24. Nxd6+ Rxd6 25. Nh5 g6 26. Nf4 Kd7
27. Nd3 Nxd3+ 28. cxd3 Rde6 29. Rxe6 Rxe6 30. Be3 Re5 31. Rg1 Re6 32. Kd2 Nc8
33. Rg5 b6 34. b4 Nd6 35. h5 gxh5 36. Rxh5 Rf6 37. a4 Ke6 38. Rh8 Rf7 39. Rh6+
Kd7 40. Rh8 Ne8 41. a5 bxa5 42. bxa5 a6 43. Kc3 Nc7 44. Kb4 Ne6 45. Ra8 d4 46.
Ra7+ Ke8 47. Rxf7 Kxf7 48. Bd2 Kf6 49. Kc4 Ke5 50. Bh6 Kd6 51. f4 Nd8 52. Kxd4
c5+ 53. Ke4 Nb7 54. Bf8+ Ke6 55. f5+ Kf7 56. Bh6 Nxa5 57. Bf4 Nc6 58. Bd6 a5
59. Bxc5 Kf6 60. Ba3 Nb4 61. d4 Nc2 62. Bb2 a4 63. d5+ Kf7 64. Bc3 Na3 65. Kd3
Nb5 66. Be5 Na7 67. Kc3 Nc8 68. Kd4 a3 69. Kc5 Ne7 70. f6 Ng8 71. Kc6 Nxf6 72.
d6 a2 73. Bb2 Ke6 74. Ba1 Nd7 1/2-1/2

[Event "XVI Festival A"]
[Site "Porto San Giorgio ITA"]
[Date "2004.08.28"]
[Round "8"]
[White "Giacometti, Carlo"]
[Black "Ventura, Sergio"]
[Result "1-0"]
[WhiteElo "2047"]
[BlackElo "2175"]
[PlyCount "161"]
[EventDate "2004.08.21"]

1. Nc3 d6 2. d4 c6 3. Nf3 Bg4 4. Bf4 Nf6 5. Qd2 e6 6. e4 d5 7. Ne5 Bh5 8. exd5
Nxd5 9. Nxd5 Qxd5 10. f3 Be7 11. Bc4 Qd8 12. O-O-O Nd7 13. h4 Nb6 14. Bb3 a5
15. a4 f6 16. Nd3 Bf7 17. c3 O-O 18. g4 Nd5 19. g5 Bg6 20. gxf6 Bxf6 21. Ne5
Bf5 22. Bg5 Rc8 23. Rhg1 b5 24. Rg3 Qe7 25. Rdg1 Kh8 26. Bxf6 gxf6 27. Nd3 bxa4
28. Bxa4 Nb6 29. Bc2 Rg8 30. Qf4 Rxg3 31. Rxg3 Nd5 32. Qh6 Qc7 33. Rg1 Bxd3 34.
Bxd3 Qf4+ 35. Qxf4 Nxf4 36. Ba6 Ra8 37. Bc4 Rc8 38. Rg4 Nd5 39. Re4 Re8 40.
Bxd5 cxd5 41. Rg4 Rb8 42. Kc2 Rb6 43. f4 Rc6 44. Rg1 Rb6 45. h5 Ra6 46. h6 e5
47. fxe5 fxe5 48. dxe5 Rxh6 49. Rd1 Rh2+ 50. Kb3 a4+ 51. Ka3 Kg7 52. Rxd5 h5
53. Rd4 Kf7 54. Rxa4 Ke6 55. Re4 h4 56. b4 Rh1 57. Ka4 Kd5 58. Re3 Kc4 59. Ka5
h3 60. Kb6 h2 61. Re2 Kd3 62. Rg2 Kxc3 63. b5 Kb4 64. Re2 Rg1 65. Rxh2 Rg6+ 66.
Kc7 Kxb5 67. Rc2 Re6 68. Re2 Kc5 69. Kd7 Ra6 70. Rd2 Ra7+ 71. Ke8 Ra6 72. Kf7
Ra1 73. e6 Kc6 74. e7 Rf1+ 75. Ke8 Kc7 76. Rc2+ Kb8 77. Rg2 Kc7 78. Rg7 Kd6 79.
Rf7 Rh1 80. Kd8 Ra1 81. Rf6+ 1-0

[Event "XVI Festival A"]
[Site "Porto San Giorgio ITA"]
[Date "2004.08.28"]
[Round "8"]
[White "Hoelzl, Franz"]
[Black "Zaja, Ivan"]
[Result "0-1"]
[WhiteElo "2373"]
[BlackElo "2452"]
[PlyCount "62"]
[EventDate "2004.08.21"]

1. Nf3 Nf6 2. c4 e6 3. g3 b6 4. Bg2 Bb7 5. O-O Be7 6. d4 O-O 7. Nc3 Ne4 8. Bd2
f5 9. Qc2 Bf6 10. Rad1 Na6 11. e3 c5 12. Nxe4 Bxe4 13. Qa4 Qc8 14. Bc3 Qb7 15.
Ne1 Rad8 16. Qa3 b5 17. cxb5 Qxb5 18. Bxe4 fxe4 19. Nc2 Rc8 20. d5 Nc7 21. dxe6
Nxe6 22. Qb3 Qe2 23. Rxd7 c4 24. Qb7 Bxc3 25. Qd5 Rce8 26. Rd6 Rf6 27. Qxe4 Nc7
28. Qc6 Rxd6 29. Qxd6 Be5 30. Qd7 Qxc2 31. f4 Bxb2 0-1